| 000 | 00909nmc a2200349 a 4500 | ||
|---|---|---|---|
| 003 | AR-BaBNM | ||
| 005 | 20251128211437.0 | ||
| 008 | 034020s1996 ||||||||||||||000 | spa|| | ||
| 020 | _a0-521-57873-6 | ||
| 040 | _cAR-BaBNM | ||
| 245 | 1 | 0 | _aCrocodile's sore tooth |
| 250 | _a1ยช ed. | ||
| 260 |
_aNew York _bCambridge University Press _c1996 |
||
| 300 |
_a16 p. _bil. |
||
| 490 | 0 | _aThe little library | |
| 650 | 4 | _aCUENTOS DE ANIMALES | |
| 650 | 4 | _aLITERATURA INFANTIL | |
| 650 | 4 | _aLITERATURA INGLESA | |
| 650 | 4 | _aINGLES | |
| 650 | 4 | _aLITERATURA CONTEMPORANEA | |
| 650 | 4 | _aLIBROS PARA NINOS | |
| 655 | _aLITERATURA | ||
| 700 | 1 | _aGwazube, Fundisile | |
| 700 | 1 | _aKhumalo, Lulu | |
| 700 | 1 | _aPantsi, Linda | |
| 700 | 1 | _aYako, Nompuleleo | |
| 700 | 1 |
_aViljoen, Graeme _eilustrador |
|
| 800 | 1 | _aHepker, Sue | |
| 800 | 1 | _aHeerden, Marjorie van | |
| 942 | _cBK | ||
| 998 | _cmartin | ||
| 999 |
_c19718 _d19718 |
||